[Event "Open"]
[Site "Rethymno GRE"]
[Date "2009.07.18"]
[Round "8"]
[White "Neverov,V"]
[Black "Haznedaroglu,K"]
[Result "0-1"]
[WhiteElo "2561"]
[BlackElo "2468"]

1.d4 d5 2.c4 c6 3.Nf3 Nf6 4.Nc3 dxc4 5.a4 Bf5 6.e3 e6 7.Bxc4 Bb4 8.O-O O-O
9.Nh4 Bg4 10.f3 Nd5 11.fxg4 Qxh4 12.e4 Nb6 13.Bb3 c5 14.Na2 Ba5 15.dxc5 N6d7
16.Be3 Bc7 17.h3 Qg3 18.Rf3 Qh2+ 19.Kf1 Nc6 20.Bg1 Qe5 21.Qc2 Rad8 22.Rd1 Nf6
23.Nc3 a6 24.Rxd8 Bxd8 25.Qd1 Be7 26.Nd5 exd5 27.exd5 Rd8 28.d6 Bf8 29.Qe2 Ne4
30.Bxf7+ Kh8 31.Qe3 b6 32.Bh2 Qxh2 33.Qxe4 Ne5 34.Rf5 Nxf7 35.Rxf7 bxc5 36.d7 Qd6
37.Qe8 Rb8 38.Kg1 h6 39.h4 c4 40.h5 c3 41.bxc3 Rb1+ 42.Rf1 Qc5+ 43.Kh2 Rxf1
44.d8=Q Qg1+ 45.Kh3 Qf2 46.Qe5 Rh1+ 47.Qh2 Rxh2+ 48.Kxh2 Qc5 49.Qa8 a5 50.c4 Kg8
51.g3 Qxc4 52.Qxa5 Bc5 53.Qa8+ Kh7 54.Qf3 Qd4 55.Qf5+ Kg8 56.Qc8+ Kf7 57.Qc7+ Ke6
58.Qc8+ Kd5 59.Qf5+ Kc4 60.g5 hxg5 61.Qxg5 Qg1+ 62.Kh3 Bd4 63.Qb5+ Kc3 64.Qc6+ Kb4
65.Kg4 Qd1+ 66.Kg5  0-1

[Event "13th Battle of Senta Open A"]
[Site "Senta SRB"]
[Date "2009.07.19"]
[Round "3"]
[White "Pantelic,Sa"]
[Black "Galunov,T"]
[Result "1/2-1/2"]
[WhiteElo "2303"]
[BlackElo "2341"]

1.d4 d5 2.c4 c6 3.Nc3 Nf6 4.Nf3 dxc4 5.a4 Bf5 6.e3 e6 7.Bxc4 Bb4 8.O-O O-O
9.h3 Ne4 10.Qb3 Qb6 11.Nxe4 Bxe4 12.Bd2 Bxd2  1/2-1/2

[Event "ch-Euro Senior"]
[Site "Rogaska Slatina SLO"]
[Date "2009.07.22"]
[Round "1"]
[White "Kristiansen,E"]
[Black "Kayaman,M"]
[Result "1-0"]
[WhiteElo "2218"]
[BlackElo "1991"]

1.d4 d5 2.c4 c6 3.Nc3 Nf6 4.Nf3 dxc4 5.a4 Bf5 6.Ne5 e6 7.Nxc4 Nbd7 8.f3 Be7
9.e4 Bg6 10.Be3 O-O 11.Be2 Nb6 12.Ne5 Nbd7 13.Nc4 Nb6 14.Ne5 Nbd7 15.Nd3 a6
16.a5 Ne8 17.O-O Nd6 18.b4 Nb5 19.Nxb5 axb5 20.Qb3 Nb8 21.Rfd1 Na6 22.Nc5 Nxc5
23.dxc5 Qc7 24.Bf2 Bf6 25.Bg3 Be5 26.Bxe5 Qxe5 27.Ra2 Rad8 28.Rad2 Rxd2 29.Rxd2 h6
30.Qd3 f6 31.Qd4 Qxd4+ 32.Rxd4 e5 33.Rd7 Rf7 34.Rxf7 Bxf7 35.Bxb5 Be6 36.a6 bxa6
37.Bxc6 Kf8 38.Bb7  1-0

[Event "Synthesia Rapid Open"]
[Site "Pardubice CZE"]
[Date "2009.07.23"]
[Round "7"]
[White "Babula,V"]
[Black "Lintchevski,D"]
[Result "1-0"]
[WhiteElo "2566"]
[BlackElo "2484"]

1.d4 d5 2.c4 c6 3.Nf3 Nf6 4.Nc3 dxc4 5.a4 Bf5 6.Ne5 e6 7.f3 Bb4 8.e4 Bxe4
9.fxe4 Nxe4 10.Bd2 Qxd4 11.Nxe4 Qxe4+ 12.Qe2 Bxd2+ 13.Kxd2 Qd5+ 14.Kc2 Na6
15.Nxc4 O-O 16.Qe5 Rab8 17.a5 f6 18.Qxd5 cxd5 19.Nd2 Rfc8+ 20.Kb1 Nc5 21.Be2 f5
22.Rc1 Nd7 23.Rxc8+ Rxc8 24.a6 b6 25.Nf3 Kf7 26.Nd4 Ke7 27.Ra3 Nc5 28.Rc3 Kd6
29.b4 Ke5 30.Nb5 d4 31.Rc2  1-0

[Event "Synthesia Rapid Open"]
[Site "Pardubice CZE"]
[Date "2009.07.23"]
[Round "9"]
[White "Navara,D"]
[Black "Lintchevski,D"]
[Result "1-0"]
[WhiteElo "2687"]
[BlackElo "2484"]

1.d4 d5 2.Nf3 Nf6 3.c4 c6 4.Nc3 dxc4 5.a4 Bf5 6.Ne5 e6 7.f3 Bb4 8.Nxc4 c5
9.dxc5 Qxd1+ 10.Kxd1 Bxc5 11.e4 Bg6 12.Nb5 Na6 13.Ncd6+ Ke7 14.Nxb7 Bb4 15.Nd4 Nb8
16.Nc2 a5 17.Nxb4 axb4 18.Bd2  1-0

[Event "ch-Euro Senior"]
[Site "Rogaska Slatina SLO"]
[Date "2009.07.24"]
[Round "3"]
[White "Butnorius,A"]
[Black "Onoprienko,V"]
[Result "1/2-1/2"]
[WhiteElo "2443"]
[BlackElo "2318"]

1.d4 Nf6 2.Nf3 d5 3.c4 c6 4.Nc3 dxc4 5.a4 Bf5 6.e3 Nbd7 7.Bxc4 e6 8.O-O Bd6
9.h3 O-O 10.Qe2 Ne4 11.Bd3 Ndc5 12.Nxe4 Bxe4 13.Bc2 Bxc2 14.Qxc2 Nd7 15.Bd2 a5
16.Bc3 Qe7 17.e4 Bb4 18.Rad1 f5 19.Rfe1 fxe4 20.Qxe4 Rae8 21.Bxb4 axb4  1/2-1/2

[Event "ch-AUT"]
[Site "Jenbach AUT"]
[Date "2009.07.25"]
[Round "1"]
[White "Kessler,L"]
[Black "Sandhoefner,F"]
[Result "1/2-1/2"]
[WhiteElo "2006"]
[BlackElo "2200"]

1.d4 d5 2.c4 c6 3.Nf3 Nf6 4.Nc3 dxc4 5.a4 Bf5 6.e3 e6 7.Bxc4 Bb4 8.O-O O-O
9.Qb3 Qb6 10.Bd2 Nbd7 11.Rac1 a5 12.h3 Rae8 13.Ne2 Bxd2 14.Nxd2 e5 15.dxe5 Rxe5
16.Nf3 Qxb3 17.Bxb3 Rc5 18.Ned4 Be4 19.Rfd1 Re8 20.Nd2 Bd5 21.Bxd5 Rxd5 22.N2b3 c5
23.Nb5 b6 24.Rxd5 Nxd5 25.Rd1 N7f6 26.Nd2 Kf8 27.Nc4 Re6 28.Rd3 Ke7 29.f3 Nb4
30.Rd6 Nd7 31.e4 g6 32.Rxe6+ fxe6 33.Kf2  1/2-1/2

[Event "zt 3.3"]
[Site "Ho Chi Minh City VIE"]
[Date "2009.07.26"]
[Round "5"]
[White "Paragua,M"]
[Black "Nguyen Ngoc Truong Son"]
[Result "1/2-1/2"]
[WhiteElo "2487"]
[BlackElo "2592"]

1.d4 d5 2.c4 c6 3.Nf3 Nf6 4.Nc3 dxc4 5.a4 Bf5 6.Ne5 e6 7.f3 Bb4 8.Bg5 c5
9.dxc5 Qxd1+ 10.Rxd1 Bc2 11.Rd2 Bxc3 12.bxc3 Bxa4 13.Nxc4 O-O 14.e4 Nbd7
15.Be3 Rfc8 16.Nd6 Rxc5 17.Bxc5 Nxc5 18.Bb5 Bxb5 19.Nxb5 Kf8 20.O-O Ne8 21.c4 a6
22.Nc3 Nf6 23.Rb1 Rc8 24.Ra2 Rc7 25.Na4 Nfd7 26.Nxc5 Nxc5 27.Ra5 f6 28.Kf1 Ke7
29.Rxc5 Rxc5  1/2-1/2

[Event "ch-AUT"]
[Site "Jenbach AUT"]
[Date "2009.07.27"]
[Round "3"]
[White "Singer,Ri"]
[Black "Schweitzer,W"]
[Result "1/2-1/2"]
[WhiteElo "2284"]
[BlackElo "2022"]

1.d4 c6 2.c4 d5 3.Nc3 Nf6 4.Nf3 dxc4 5.a4 Bf5 6.e3 e6 7.Bxc4 Bb4 8.O-O O-O
9.Qb3 Qe7 10.Bd2 a5 11.Rfe1 Nbd7 12.e4 Bg4 13.Ne5 Nxe5 14.dxe5 Nd7 15.h3 Bh5
16.f4 Rad8 17.Be3 Bg6 18.Qc2 h6 19.Bf2 Bc5 20.Rad1 Bxf2+ 21.Qxf2 Qc5 22.Qxc5 Nxc5
23.Rd6 Rd7 24.Rxd7 Nxd7 25.g4 Re8 26.Kf2 Kf8 27.Ke3 Rd8 28.Rd1 Ke7 29.Be2 Bh7
30.Rd2 g5 31.f5 Nxe5 32.Rxd8 Kxd8 33.Kd4 Nd7  1/2-1/2

[Event "ch-Africa w"]
[Site "Tripoli LBA"]
[Date "2009.07.28"]
[Round "7"]
[White "Beddar,K"]
[Black "Greeff,M"]
[Result "1/2-1/2"]
[WhiteElo "1803"]
[BlackElo "2038"]

1.d4 d5 2.c4 c6 3.Nf3 Nf6 4.Nc3 dxc4 5.a4 Bf5 6.e3 e6 7.Bxc4 Bb4 8.Qb3 a5
9.O-O Qe7 10.Ne5 O-O 11.f3 Nbd7 12.e4 Bg6 13.Nxg6 hxg6 14.Bg5 e5 15.Be3 exd4
16.Bxd4 Ne5 17.Rfd1 Bc5 18.Kh1 Nh5 19.Ne2 Bd6 20.Be3 Nxc4 21.Qxc4 Nf6 22.Nf4 Bxf4
23.Bxf4 Rfd8 24.Qc3 Nd7 25.Bc7 Rdc8 26.Bxa5 b6 27.Qd2 Rd8 28.Bb4 c5 29.Bc3 Ne5
30.Qe2 Rxd1+ 31.Rxd1 Rxa4 32.Qb5 Ra8 33.Qxb6 Nd3 34.Kg1 Nf4 35.Be1 Ne2+ 36.Kf1 Nf4
37.Bg3 g5 38.h4 c4 39.hxg5 Qxg5 40.Bxf4 Qxf4 41.Rd8+ Rxd8 42.Qxd8+ Kh7 43.Qd4 Qc1+
44.Kf2 Qc2+ 45.Kg3 Qa4 46.f4 Qc6 47.Kf2 Qc7 48.g3 Kg8 49.Ke3 Qb7 50.e5 Qg2
51.Qxc4 Qxb2 52.Qc8+ Kh7 53.Qf5+ Kg8 54.Kf3 Qb3+ 55.Kg4 Qd1+ 56.Kh4 Qh1+
57.Kg5 Qh6+ 58.Kg4 Qc6 59.Qh5 Qd5 60.Kh4 Qh1+ 61.Kg5  1/2-1/2

[Event "ch-AUT"]
[Site "Jenbach AUT"]
[Date "2009.07.29"]
[Round "5"]
[White "Kranewitter,N"]
[Black "Sandhoefner,F"]
[Result "1-0"]
[WhiteElo "2076"]
[BlackElo "2200"]

1.Nf3 d5 2.d4 Nf6 3.c4 c6 4.Nc3 dxc4 5.a4 Bf5 6.e3 e6 7.Bxc4 Bb4 8.O-O O-O
9.Qe2 Nbd7 10.e4 Bg6 11.e5 Nd5 12.Ne4 Qa5 13.Rd1 h6 14.Bd2 Rfd8 15.Nd6 Bxd2
16.Nxd2 Qb4 17.N2e4 N7b6 18.Bxd5 Nxd5 19.Qg4 b6 20.Rac1 Bxe4 21.Qxe4 Qxa4
22.Rd3 c5 23.Qg4 Rxd6 24.exd6 c4 25.Rg3 g6 26.Qe4 Kh7 27.h4 h5 28.Rg5 Kh6
29.Rxd5 exd5 30.Qxd5 Qe8 31.Rxc4 Rd8 32.Rc7 Kg7 33.Qe5+ Qxe5 34.dxe5 a5 35.f4 b5
36.Rb7 b4 37.Ra7 Rc8 38.Rxa5  1-0

[Event "Open"]
[Site "Kavala GRE"]
[Date "2009.08.01"]
[Round "2"]
[White "Kanakaris,G"]
[Black "Andriasian,Z"]
[Result "1/2-1/2"]
[WhiteElo "2377"]
[BlackElo "2585"]

1.d4 d5 2.c4 c6 3.Nc3 Nf6 4.Nf3 dxc4 5.a4 Bf5 6.Ne5 Nbd7 7.Nxc4 Nb6 8.Ne5 a5
9.f3 Nfd7 10.Nxd7 Nxd7 11.e4 Bg6 12.Be3 e6 13.Be2 Bb4 14.O-O O-O 15.Qb3 Qb8
16.Rfd1 h6 17.Rac1 Kh7 18.Bf1 Re8 19.Ne2 f6 20.Nf4 Nf8 21.Bd3 Bf7 22.e5+ Kg8
23.exf6 gxf6 24.Nh3 Kg7 25.Nf2 f5 26.Nh3 Bd6 27.g3 Ng6 28.Kg2 Qc7 29.d5 exd5
30.Bxf5 Be5 31.Bxg6 Bxg6 32.Bf4 Bf7 33.Re1 Bxf4 34.Nxf4 d4 35.Qd3 Qb6 36.b3 Qb4
37.Rxe8 Rxe8 38.Rc4 Bxc4 39.Qg6+ Kf8 40.Qf6+ Kg8  1/2-1/2

[Event "4th Timisoara Cup A"]
[Site "Timisoara ROM"]
[Date "2009.08.01"]
[Round "1"]
[White "Balla,Ta"]
[Black "Nemes,S"]
[Result "1-0"]
[WhiteElo "2363"]
[BlackElo "2264"]

1.d4 d5 2.c4 c6 3.Nf3 Nf6 4.Nc3 dxc4 5.a4 Bf5 6.e3 e6 7.Bxc4 Bb4 8.O-O Nbd7
9.Re1 O-O 10.Nh4 Ne4 11.Nxf5 exf5 12.Rf1 Ndf6 13.f3 Nd6 14.Bd3 Ba5 15.Rb1 Bb6
16.b4 a5 17.bxa5 Bxa5 18.Ne2 Re8 19.Kh1 b6 20.Qc2 g6 21.Ng3 c5 22.e4 cxd4
23.exf5 Rc8 24.Qf2 Nc4 25.fxg6 hxg6 26.Bg5 Ne3 27.Ne2 Nxf1 28.Qh4 Nd2 29.Bxf6 Qxf6
30.Qxf6 Nxb1 31.h4 Nc3 32.Nf4 Nd1 33.h5 Nf2+ 34.Kh2 Bd2 35.Nxg6 fxg6 36.hxg6 Rf8
37.Qe7 Bf4+ 38.g3 Rc7 39.Bc4+  1-0

[Event "ch-AUT"]
[Site "Jenbach AUT"]
[Date "2009.08.02"]
[Round "9"]
[White "Kuthan,A"]
[Black "Hartl,D"]
[Result "1-0"]
[WhiteElo "2197"]
[BlackElo "2249"]

1.d4 d5 2.c4 c6 3.Nf3 Nf6 4.Nc3 dxc4 5.a4 Bf5 6.Ne5 Nbd7 7.Nxc4 Qc7 8.g3 e5
9.dxe5 Nxe5 10.Bf4 Nfd7 11.Bg2 g5 12.Ne3 gxf4 13.Nxf5 O-O-O 14.Qc2 Ng6 15.O-O fxg3
16.hxg3 h5 17.Rfc1 Kb8 18.b4 h4 19.Nb5 Qe5 20.Nbd4 hxg3 21.Nxc6+ bxc6 22.Qxc6 gxf2+
23.Kf1  1-0

[Event "FSIMB August"]
[Site "Budapest HUN"]
[Date "2009.08.03"]
[Round "3"]
[White "Kislik,E"]
[Black "Kaufeld,J"]
[Result "1/2-1/2"]
[WhiteElo "2342"]
[BlackElo "2274"]

1.d4 d5 2.c4 c6 3.Nf3 Nf6 4.Nc3 dxc4 5.a4 Bf5 6.Ne5 e6 7.e3 Bb4 8.Bxc4 Nbd7
9.Nd3 Be7 10.Qe2 Bg6 11.Nf4 e5 12.Nxg6 hxg6 13.Ba2 exd4 14.exd4 O-O 15.O-O Nb6
16.Bg5 Nfd5 17.Be3 a5 18.Bb3 Bb4 19.Rac1 Re8 20.Qd3 Qd7 21.Rfe1 Rad8 22.Bd2 Rxe1+
23.Rxe1 Re8 24.Rxe8+ Qxe8 25.Kf1 Qe6 26.Bd1 Ne7 27.b3 Qd6 28.g3 Nf5 29.Ne4 Qe7
30.g4 Bxd2 31.gxf5 Bb4 32.fxg6 fxg6 33.Bg4 Nd5 34.Qf3 Nf6 35.Ng5 Bd2 36.Ne6 Nxg4
37.Qxg4 Qf6 38.Qe4 Bb4 39.d5 cxd5 40.Qxd5 Kh7 41.Ng5+ Kh6 42.h4 Qc6 43.Qd8 Qh1+
44.Ke2 Qe1+ 45.Kf3 Qh1+ 46.Ke3 Qe1+ 47.Kf3 Qh1+ 48.Kg3 Qg1+  1/2-1/2

[Event "University of Twente YM"]
[Site "Enschede NED"]
[Date "2009.08.03"]
[Round "4"]
[White "Iotov,V"]
[Black "Ringoir,T"]
[Result "1/2-1/2"]
[WhiteElo "2603"]
[BlackElo "2406"]

1.d4 d5 2.Nf3 Nf6 3.c4 c6 4.Nc3 dxc4 5.a4 Bf5 6.Ne5 Nbd7 7.Nxc4 Nb6 8.Ne5 a5
9.e3 h6 10.g4 Bh7 11.Bg2 e6 12.O-O Nfd7 13.Nd3 Bxd3 14.Qxd3 h5 15.gxh5 Rxh5
16.f4 Bb4 17.Bd2 Qe7 18.Ne4 g6 19.b3 Kf8 20.Bc1 Nd5 21.Ng3 Rh7 22.e4 N5f6
23.Qf3 c5 24.d5 exd5 25.exd5 Re8 26.Ra2 c4 27.bxc4 Qc5+ 28.Kh1 Qxc4 29.Rb2 Kg8
30.Rb1 Nh5 31.Bb2 Nc5 32.Rbc1 Nxg3+ 33.Qxg3 Ne4 34.Qf3 Qxd5 35.Rfd1 Qf5 36.Rd4 Nf6
37.h3 Bc5 38.Rdd1 b6 39.Re1 Re6 40.Rcd1 Kg7 41.Re5 Rxe5 42.Bxe5 Rh8  1/2-1/2

[Event "XXXV Open"]
[Site "Badalona ESP"]
[Date "2009.08.04"]
[Round "4"]
[White "Panelo,M"]
[Black "Sundararajan,K"]
[Result "1/2-1/2"]
[WhiteElo "2425"]
[BlackElo "2506"]

1.d4 d5 2.c4 c6 3.Nf3 Nf6 4.Nc3 dxc4 5.a4 Bf5 6.Ne5 Nbd7 7.Nxc4 Nb6 8.Ne5 a5
9.Bg5 h6 10.Bh4 Nbd5 11.Qb3 Qb6 12.Qxb6 Nxb6 13.f3 Bc2 14.e4 Bb3 15.d5 e6
16.dxc6 bxc6 17.Bf2 Nfd7 18.Nxc6 Bc5 19.Bb5 O-O 20.Bxc5 Nxc5 21.Ke2 f5 22.exf5 exf5
23.Kf2 Rf6 24.Rhe1 Kf8 25.Re5 Ncd7 26.Re2 Rd6 27.Rae1 Bc4 28.Bxc4 Nxc4 29.Ne7 Nc5
30.Nb5 Rd7  1/2-1/2

[Event "Open"]
[Site "Ptuj SLO"]
[Date "2009.08.04"]
[Round "3"]
[White "Jeraj,Z"]
[Black "Podkriznik,G"]
[Result "1/2-1/2"]
[WhiteElo "2123"]
[BlackElo "2386"]

1.d4 d5 2.Nf3 Nf6 3.c4 c6 4.Nc3 dxc4 5.a4 Bf5 6.e3 e6 7.Bxc4 Bb4 8.O-O Nbd7
9.Qe2 O-O 10.e4 Bg6  1/2-1/2

[Event "Arctic Chess Challenge"]
[Site "Tromso NOR"]
[Date "2009.08.04"]
[Round "4"]
[White "Gabaldon Gomez,M"]
[Black "Greeff,M"]
[Result "0-1"]
[WhiteElo "2186"]
[BlackElo "2038"]

1.d4 d5 2.Nf3 Nf6 3.c4 c6 4.Nc3 dxc4 5.a4 Bf5 6.Ne5 Nbd7 7.Nxc4 Nb6 8.Ne5 a5
9.g3 e6 10.Bg2 Bb4 11.O-O O-O 12.f3 c5 13.Be3 Qe7 14.Qc1 Rfd8 15.dxc5 Bxc5
16.Kh1 Rac8 17.Bxc5 Rxc5 18.f4 Nbd5 19.Nxd5 Nxd5 20.Nc4 Nb6 21.b3 Nxc4 22.bxc4 Rd4
23.Qb2 Rcxc4 24.e3 Rd7 25.Rfc1 Rb4 26.Rc8+ Rd8 27.Qc3 h6 28.Rc7 Rd7 29.Rc8+ Kh7
30.h3 Rd3 31.Qe5 Qf6 32.Qxf6 gxf6 33.Rc7 Kg7 34.Re1 Rxa4 35.e4 Bh7 36.g4 b5
37.f5 e5 38.Rb7 b4 39.Bf1 Rd4 40.Rc1 Bg8 41.Bc4 Rd2 42.Kg1 Ra3 43.Bf1 Rc3
44.Ra1 Rc5 45.Rb6 Rd4 46.Bb5 Rd2 47.Bf1 Bh7 48.Rb7 h5 49.gxh5 Rd4 50.Bg2 Rd3
51.Kh1 Kh6 52.Rxf7 Rd6 53.Rg1 Rc8 54.Ra7 b3 55.Rb1 Rb6 56.Bf1 b2 57.Kh2 Rc2+
58.Kg3 Rb3+ 59.Kh4 Rf2  0-1

[Event "XXXV Open"]
[Site "Badalona ESP"]
[Date "2009.08.05"]
[Round "5"]
[White "Cruz,Cr"]
[Black "Pomes Marcet,J"]
[Result "1-0"]
[WhiteElo "2525"]
[BlackElo "2365"]

1.d4 d5 2.c4 c6 3.Nf3 Nf6 4.Nc3 dxc4 5.a4 Bf5 6.Ne5 Na6 7.e3 Nb4 8.Bxc4 e6
9.O-O Bd6 10.Qe2 Nc2 11.Rb1 Nd5 12.Bb3 Bxe5 13.dxe5 Nd4 14.exd4 Nxc3 15.bxc3 Bxb1
16.Ba3 Bg6 17.f4 Qb6 18.Bc4 O-O-O 19.g4 Rxd4 20.cxd4 Qxd4+ 21.Rf2 Qa1+ 22.Kg2 Bb1
23.Ba2 h5 24.Bxb1 Qxb1 25.f5 Qb3 26.Bd6 Qxa4 27.fxe6 fxe6 28.g5 h4 29.h3 Rd8
30.g6 Qb3 31.Qf3 Qc4 32.Qf7 Rd7 33.Qe8+ Rd8 34.Qe7 Qe4+ 35.Kh2  1-0

[Event "Open"]
[Site "Ptuj SLO"]
[Date "2009.08.05"]
[Round "5"]
[White "Jeraj,Z"]
[Black "Crepan,M"]
[Result "1-0"]
[WhiteElo "2123"]
[BlackElo "2324"]

1.d4 d5 2.Nf3 Nf6 3.c4 c6 4.Nc3 dxc4 5.a4 Bf5 6.e3 e6 7.Bxc4 Bb4 8.O-O Nbd7
9.Qb3 a5 10.Rd1 Qc7 11.e4 Bg6 12.e5 Nd5 13.Bd2 N7b6 14.Be2 h6 15.Rac1 Qd8
16.g3 O-O 17.Nh4 Bh7 18.Ng2 Be7 19.Ne3 Nb4 20.Be1 N6d5 21.Ncxd5 cxd5 22.Bc3 Be4
23.f3 Bg6 24.Rd2 Rc8 25.Rf1 Qb6 26.Bd3 Bxd3 27.Rxd3 Qa6 28.Rd2 Rc6 29.f4 f5
30.g4 fxg4 31.Qd1 h5 32.h3 Qa8 33.hxg4 Na2 34.g5 Nxc3 35.Qxh5 Bxg5 36.fxg5 Rxf1+
37.Nxf1 Ne4 38.Rh2 Qc8 39.g6  1-0

[Event "110th US Open"]
[Site "Indianapolis USA"]
[Date "2009.08.06"]
[Round "6"]
[White "Huang,V"]
[Black "Holt,C"]
[Result "1/2-1/2"]
[WhiteElo "2063"]
[BlackElo "2303"]

1.d4 d5 2.c4 c6 3.Nc3 dxc4 4.a4 Nf6 5.Nf3 Bf5 6.e3 e6 7.Bxc4 Bb4 8.O-O O-O
9.Qb3 Qe7 10.Bd2 c5 11.d5 Bxc3 12.Bxc3 Nxd5 13.Bxd5 exd5 14.Qxd5 Be4 15.Qg5 Qxg5
16.Nxg5 Bc6 17.Rfd1 Re8 18.Rd6 Nd7 19.a5 Rac8 20.Nf3 f6 21.Rad1 Bxf3 22.gxf3 Nb8
23.f4 Kf7 24.Kg2 Nc6 25.Kf3 Rc7 26.R1d5 Re6 27.e4 b6 28.axb6 axb6 29.Ke3 Rce7
30.Rxe6 Rxe6 31.f5 Re7 32.f4 Rc7 33.Rd6 b5 34.h4 b4 35.Be1 c4 36.Rd5 Ne7
37.Rb5 c3 38.bxc3 bxc3 39.Rb1 c2 40.Rc1 g6 41.fxg6+  1/2-1/2

[Event "GMA"]
[Site "Peterhof RUS"]
[Date "2009.08.06"]
[Round "6"]
[White "Nadjezhdin,D"]
[Black "Gritsenko,An"]
[Result "1/2-1/2"]
[WhiteElo "2413"]
[BlackElo "2401"]

1.Nf3 d5 2.d4 Nf6 3.c4 c6 4.Nc3 dxc4 5.a4 Bf5 6.e3 e6 7.Bxc4 Bb4 8.O-O O-O
9.Qb3 Qe7 10.Na2 Bd6 11.Nc3 b6 12.Re1 Bb4 13.Bd2 h6 14.e4 Bh7 15.e5 Nfd7
16.Ne4 Bxd2 17.Nfxd2 c5 18.dxc5 Nxc5 19.Nxc5 bxc5 20.Qf3 Nd7 21.Bb5 Nb6 22.Ne4 Bxe4
23.Qxe4  1/2-1/2

[Event "XXXV Open"]
[Site "Badalona ESP"]
[Date "2009.08.09"]
[Round "9"]
[White "Panelo,M"]
[Black "Mestre Bellido,H"]
[Result "1/2-1/2"]
[WhiteElo "2425"]
[BlackElo "2292"]

1.d4 d5 2.c4 c6 3.Nf3 Nf6 4.Nc3 dxc4 5.a4 Bf5 6.Ne5 Nfd7 7.Nxc4 Qc7 8.g3 e5
9.dxe5 Nxe5 10.Bf4 Nbd7 11.Bg2 f6 12.O-O Rd8 13.Ne3 Be6 14.Qc2 a5 15.Rfd1 Qb6
16.Bxe5 Nxe5 17.Nf5 Rxd1+ 18.Nxd1 g6 19.Nfe3 Bc5 20.Rc1 Bd4 21.Nf1 Bb3 22.Qe4 Bxd1
23.e3 Bxe3 24.Nxe3 Bb3 25.Kh1 Qb4 26.Ng4 O-O 27.Nxe5 Qxe4 28.Bxe4 fxe5 29.Kg2 Kf7
30.Rc5 Ke6 31.Rxa5 Kd6 32.h4 Re8 33.Kf3 Kc7 34.Rc5 Bd1+ 35.Ke3 Bxa4 36.Rc1 Bb3
37.Rh1 Bf7 38.g4 Ra8 39.f4 exf4+ 40.Kf3 Ra4 41.Re1 Kd6 42.g5 Rb4 43.Re2 Bd5
44.Bxd5 cxd5 45.Re8 Rc4 46.Rd8+ Ke6 47.Re8+ Kd6 48.Rd8+ Ke6  1/2-1/2

[Event "GMA"]
[Site "Peterhof RUS"]
[Date "2009.08.09"]
[Round "10"]
[White "Khuseinkhodzhaev,M"]
[Black "Massironi,M"]
[Result "1-0"]
[WhiteElo "2381"]
[BlackElo "2178"]

1.Nf3 d5 2.d4 Nf6 3.c4 c6 4.Nc3 dxc4 5.a4 Bf5 6.e3 e6 7.Bxc4 Bb4 8.O-O O-O
9.Nh4 Nbd7 10.Qb3 a5 11.Nxf5 exf5 12.Rd1 Qe7 13.Na2 Nb6 14.Nxb4 Qxb4 15.Qxb4 axb4
16.Bb3 Nbd5 17.Bd2 Rfe8 18.Rac1 g6 19.h3 h5 20.Kf1 Kg7 21.Ke2 Nf4+ 22.Kf1 N4d5
23.Re1 Ne4 24.Re2 Nxd2+ 25.Rxd2 Nb6 26.Rc5 f4 27.exf4 Nxa4 28.Bxa4 Rxa4 29.g3 h4
30.Re5 Rxe5 31.fxe5 hxg3 32.fxg3 Ra1+ 33.Kf2 Kf8 34.Kf3 Ke7 35.d5 cxd5 36.Rxd5 Rb1
37.Rd2 Ke6 38.Re2 Rf1+ 39.Ke4 Rf5 40.Kd4 Rf3 41.Rg2 g5 42.Rg1 Rf2 43.b3 Rc2
44.Rf1 Rc3 45.Rf6+ Ke7 46.Rb6 Rxb3 47.Rxb7+ Ke6 48.Rb6+ Ke7 49.g4 Rxh3 50.Rxb4 Rg3
51.Kd5 Rd3+ 52.Ke4 Ra3 53.Kf5 Re3 54.Rb7+ Kf8 55.Kf6 Kg8 56.Rb8+ Kh7 57.Rf8 Rf3+
58.Ke7 Kg6 59.e6 Ra3 60.Rg8+ Kh7 61.exf7  1-0

[Event "25th Open"]
[Site "Geraadsbergen BEL"]
[Date "2009.08.15"]
[Round "7"]
[White "Hugaert,A"]
[Black "Saligo,P"]
[Result "1/2-1/2"]
[WhiteElo "2066"]
[BlackElo "1796"]

1.d4 d5 2.c4 c6 3.Nc3 Nf6 4.Nf3 dxc4 5.a4 Bf5 6.Bg5 Nbd7 7.e3 h6 8.Bh4 Qb6
9.Qd2 e6 10.a5 Qc7 11.Bxc4 Bb4 12.Bg3 Bd6 13.Bxd6 Qxd6 14.O-O O-O 15.Rfc1 Rfd8
16.Qe2 Ne4 17.Nxe4 Bxe4 18.Nd2 Bg6 19.Ra3 e5 20.Nb3 Kh8 21.Rd1 Qe7 22.e4 Nf6
23.f3 exd4 24.e5 d3 25.Qe1 Nd5 26.Bxd3 Bxd3 27.Rxd3 Re8 28.a6 bxa6 29.Nd4 Nb4
30.Re3 Qc5 31.Qc3 Qxc3 32.bxc3 Nd5 33.Re1 g6 34.Rxa6 Nxc3 35.Nxc6 Re6 36.Rxa7 Rxa7
37.Nxa7 f6 38.Re3 Nd5 39.Rd3 Rxe5 40.Nc6 Re6 41.Nd8 Nf4 42.Rd7 Re1+ 43.Kf2 Re2+
44.Kf1 Rb2 45.Nf7+ Kg7 46.g3 Rb1+ 47.Kf2 Rb2+ 48.Kf1  1/2-1/2

[Event "A2Bmedialtd.com Int Gp C"]
[Site "Uxbridge ENG"]
[Date "2009.08.15"]
[Round "6"]
[White "Gormally,D"]
[Black "Josse,Mar"]
[Result "1-0"]
[WhiteElo "2490"]
[BlackElo "2045"]

1.d4 d5 2.Nf3 Nf6 3.c4 c6 4.Nc3 dxc4 5.a4 Bf5 6.Nh4 e6 7.e3 Bb4 8.Nxf5 exf5
9.Bxc4 O-O 10.O-O Nbd7 11.Qc2 g6 12.f3 Nb6 13.Bd3 a5 14.Kh1 Re8 15.Bd2 f4
16.e4 Nh5 17.Ne2 Bxd2 18.Qxd2 Qd6 19.Rfc1 Red8 20.Rc5 Nd7 21.Rxa5 Rac8 22.Rc1 f6
23.b4 Qc7 24.Bc4+ Kh8 25.Be6 Ra8 26.Rxa8 Rxa8 27.a5 Qd6 28.Bg4 Ng7 29.Bxd7 Qxd7
30.Qxf4 Qe7 31.Qd2 Rd8 32.Qb2  1-0

[Event "9th Open"]
[Site "Brasschaat BEL"]
[Date "2009.08.16"]
[Round "2"]
[White "Hetey,L"]
[Black "Thora,J"]
[Result "1-0"]
[WhiteElo "2352"]
[BlackElo "1947"]

1.d4 d5 2.Nf3 c6 3.c4 Nf6 4.Nc3 dxc4 5.a4 Bf5 6.Nh4 e6 7.Nxf5 exf5 8.e3 Bb4
9.Bxc4 O-O 10.O-O Qc7 11.h3 Nbd7 12.Qf3 g6 13.g4 fxg4 14.hxg4 h5 15.gxh5 Nxh5
16.Kg2 Ndf6 17.e4 Rad8 18.Be3 Qd7 19.Ne2 Kg7 20.Ng3 Qg4 21.e5 Qxf3+ 22.Kxf3 Nd5
23.Nxh5+ gxh5 24.Rg1+ Kh7 25.Rg5 f6 26.Bd3+ Kh8 27.Rxh5+ Kg8 28.e6  1-0

[Event "XVIII TCh-MKD"]
[Site "Struga MKD"]
[Date "2009.08.16"]
[Round "7"]
[White "Simovski,G"]
[Black "Stojcevski,Z"]
[Result "1/2-1/2"]
[WhiteElo "2256"]
[BlackElo "2384"]

1.d4 Nf6 2.Nf3 d5 3.c4 c6 4.Nc3 dxc4 5.a4 Bf5 6.e3 e6 7.Bxc4 Bb4 8.O-O Nbd7
9.Bd2 a5 10.Re1 Bg6 11.Na2 Bd6 12.Bc3 Ne4 13.Bd3 Ndf6 14.Qc2 Qc7 15.Rad1 O-O
16.Nc1 b5 17.Bd2 Nxd2 18.Nxd2 Bxh2+ 19.Kf1 Nd5 20.Bxg6 fxg6 21.Nf3 Bd6 22.Qe4 Rae8
23.axb5 cxb5 24.Nd3 Nf6 25.Qh4 h6 26.Rc1 Qb7 27.Nc5 Bxc5 28.dxc5 e5 29.c6 Qc7
30.Re2 g5 31.Qg3 a4 32.Kg1 Re6 33.Nd4 Re7 34.Nxb5  1/2-1/2

[Event "XVIII TCh-MKD"]
[Site "Struga MKD"]
[Date "2009.08.16"]
[Round "7"]
[White "Hristovski,S"]
[Black "Temkov,B"]
[Result "1/2-1/2"]
[WhiteElo "2150"]
[BlackElo "1979"]

1.d4 d5 2.c4 Nf6 3.Nc3 c6 4.Nf3 dxc4 5.a4 Bf5 6.e3 e6 7.Bxc4 Bb4 8.O-O Nbd7
9.Qe2 Ne4 10.Nxe4 Bxe4 11.Nd2 Bg6 12.Nf3 O-O 13.Rd1 Qc7 14.e4 Rfe8 15.Nh4 Nf8
16.g3 Rad8 17.Nxg6 Nxg6 18.Be3 a6 19.Rac1 Qa5 20.b3 Rd7 21.h4 h6 22.Qg4 Kh8
23.Bd3 Qd8 24.e5 Ba3 25.Ra1 Bb2 26.Bxg6 Bxa1 27.Bc2 Bb2 28.Qe4 g6 29.h5 f5
30.exf6 Qxf6 31.hxg6 Qf5 32.Qxf5 exf5 33.Bxf5 Rd5 34.g4 Kg7 35.Kg2 c5 36.Rh1 Bxd4
37.Bxh6+ Kg8 38.Bf4 b5 39.axb5 axb5 40.Bd3 Rf8 41.Bg3 Bxf2 42.Bxb5 Rd2 43.Bc4+ Kg7
44.Bf7 Bxg3+ 45.Kxg3 Rh8 46.Rh5 Rxh5 47.gxh5 Rd4 48.Bc4 Kh6 49.Kf2 Rh4 50.Be2 Rh3
51.Bf3  1/2-1/2

[Event "A2Bmedialtd.com Int Gp C"]
[Site "Uxbridge ENG"]
[Date "2009.08.16"]
[Round "8"]
[White "Gormally,D"]
[Black "Eden,T"]
[Result "1-0"]
[WhiteElo "2490"]
[BlackElo "2157"]

1.d4 d5 2.c4 c6 3.Nf3 Nf6 4.Nc3 dxc4 5.a4 Bf5 6.Nh4 Be6 7.e4 Na6 8.Nf3 g6
9.Be2 Nb4 10.O-O Bg7 11.Ne5 Nd3 12.Nxd3 cxd3 13.Qxd3 O-O 14.Rd1 Qc7 15.Be3 Rad8
16.h3 Qb8 17.Qc2 Ne8 18.a5 a6 19.Na4 Nd6 20.Nc5 Bc8 21.Bf4 Qa7 22.Be5 Bxe5
23.dxe5 Nb5 24.Bxb5 cxb5 25.b4 b6 26.axb6 Qxb6 27.Qc3 Rxd1+ 28.Rxd1 Rd8 29.Ra1 Qc7
30.h4 e6 31.g3 h6 32.Ra2 Kh7 33.Rd2 Rxd2 34.Qxd2 a5 35.Qd6 Qa7 36.Qd8 axb4
37.Qxc8 Qa1+ 38.Kg2 Qxe5 39.Qf8 Qc7 40.e5 Qc6+ 41.Kg1 Qf3 42.Qd6 b3 43.Qd4 b4
44.Qd3 Qxd3 45.Nxd3 g5 46.h5 g4 47.Kf1 Kg7 48.Ke2 f6 49.Kd2 fxe5 50.Nxe5 Kf6
51.Nxg4+ Kg5 52.Nxh6  1-0

[Event "ch-FRA National B"]
[Site "Nimes FRA"]
[Date "2009.08.18"]
[Round "8"]
[White "Terrieux,K"]
[Black "Bujisho,B"]
[Result "1/2-1/2"]
[WhiteElo "2442"]
[BlackElo "2404"]

1.d4 d5 2.c4 dxc4 3.Nf3 Nf6 4.Nc3 c6 5.a4 Bf5 6.e3 e6 7.Bxc4 Bb4 8.Ne5 Nbd7
9.Nxd7 Qxd7 10.f3 Bg6 11.O-O O-O 12.Qb3 Be7 13.Rd1 a5 14.e4 Rfd8 15.Be3 Qe8
16.g4 h6 17.h4 Bb4 18.h5 Bh7 19.Bf2 Nd7 20.Be2 Rdc8 21.Kg2 Kh8 22.Na2 Bd6
23.Qe3 e5 24.Nc3 Rd8 25.Bh4 f6 26.d5 Bc5 27.Qc1 Bg8 28.Bf2 Qe7 29.Bxc5 Nxc5
30.Bc4 Rac8 31.Qe3 cxd5 32.Bxd5 Nb3 33.Bxb3 Bxb3 34.Nd5 Bxd5 35.exd5 Qb4
36.Qd2 Rc5 37.Qxb4 axb4 38.Kf2 Rdxd5 39.Rxd5 Rxd5 40.Ke3 Ra5 41.Ke4 b5 42.b3 Kg8
43.Kf5 bxa4 44.bxa4 Kh7 45.Ke4 b3 46.Ke3 b2 47.Rb1 Rxa4 48.Rxb2 f5 49.Rb5 fxg4
50.fxg4 Rxg4 51.Rxe5 Kg8 52.Kf3 Rg1 53.Kf4 Kf7 54.Rf5+ Ke6 55.Re5+ Kd6 56.Ra5 Rf1+
57.Kg4 Rg1+ 58.Kf4 Kc6 59.Re5 Kc7 60.Ra5 Kd6 61.Ra6+ Kd7 62.Ra7+ Ke6 63.Ra6+ Kf7
64.Ra7+ Kg8 65.Ra8+ Kh7 66.Ra5 Rb1 67.Ra8 Rg1 68.Ra5 g5+ 69.hxg6+ Kxg6 70.Kf3 h5
71.Kf2 Rg5 72.Rxg5+ Kxg5  1/2-1/2